000 00432nam a2200169Ia 4500
005 20260518111242.0
008 251127s9999 xx 000 0 und d
020 _a0324225032
082 _a658.562
_bEVA-M
100 _aEvans, James R.
245 0 _aManagement and Control of Quality
250 _a6Rev Ed.
260 _a[S.l.] :
_bSouth-Western College Pub,
300 _a760p
650 _aManagement Sciences
942 _cBK
999 _c1339
_d1339